ბათუმის შოთა რუსთაველის სახელმწიფო უნივერსიტეტის ბიბლიოთეკა

გეოპოლიტიკის საფუძვლები : (ბიბ.ჩანაწერი № 34661)

000 -ლიდერი
ფიქსირებული სიგრძის საკონტროლო ველი 01334nam a2200289Ia 4500
001 - საკონტროლო ნომერი
საკონტროლო ველი 439
003 - საკონტროლო ნომრის იდენტიფიკატორი
საკონტროლო ველი GE_BSU
005 - ბოლო ოპერაციის თარიღი და დრო
საკონტროლო ველი 20220616112907.0
008 - ფიქსირებული სიგრძის მონაცემთა ელემენტები - ზოგადი ინფორმაცია
ფიქსირებული სიგრძის საკონტროლო ველი 181216s2009||||ge |||||||||||||| ||geo||
020 ## - წიგნის საერთაშორისო სტანდარტული ნომერი
International Standard Book Number 9789941126949
040 ## - კატალოგიზაციის წყარო
Transcribing agency GE_BSU
041 ## - ენის კოდი
Language code of text/sound track or separate title geo
080 ## - უნივერსალური ათობითი კლასიფიკაციის ინდექსი
Universal Decimal Classification number 321.01 გ–69
100 ## - მთავარი ჩანაწერი - პიროვნების სახელი
Personal name გორგილაძე, ირაკლი
9 (RLIN) 13494
245 ## - ცნობა სათაურის შესახებ
Title გეოპოლიტიკის საფუძვლები :
Remainder of title [სახელმძღვ. სტუდ.] /
Statement of responsibility, etc ირაკლი გორგილაძე ; [რედ.: მურმან გორგოშაძე, ლევან ჯაყელი].
264 ## - წარმოების, გამოცემის, დისტრიბუციის და სხვა ცნობები
გამოცემის, წარმოების, დისტრიბუციის... ადგილი თბილისი :
გამოცემის, წარმოების, დისტრიბუციის... სახელწოდება უნივერსალი,
გამოცემის, წარმოების, დისტრიბუციის... თარიღი 2009.
300 ## - ფიზიკური აღწერა
Extent 133 გვ.
Other physical details ცხრ. ;
Dimensions 20 სმ.
504 ## - BIBLIOGRAPHY, ETC. NOTE
Bibliography, etc რეკომენდ. ლიტ.: გვ. 128-130.
520 ## - SUMMARY, ETC.
Summary, etc რეზ. ინგლ.
653 ## - INDEX TERM--UNCONTROLLED
Uncontrolled term გეოპოლიტიკა
653 ## - INDEX TERM--UNCONTROLLED
Uncontrolled term გეოპოლიტიკის საფუძვლები
653 ## - INDEX TERM--UNCONTROLLED
Uncontrolled term პოლიტოლოგია
653 ## - INDEX TERM--UNCONTROLLED
Uncontrolled term სახელმძღვანელო
700 ## - ADDED ENTRY--PERSONAL NAME
Personal name გორგოშაძე, მურმან
Relator term რედაქტორი
9 (RLIN) 14109
700 ## - ADDED ENTRY--PERSONAL NAME
Personal name ჯაყელი, ლევან
Relator term რედაქტორი
9 (RLIN) 14110
942 ## - ADDED ENTRY ELEMENTS (KOHA)
Koha item type წიგნი
Source of classification or shelving scheme
ეგზემპლარები
ჩამოწერის სტატუსი დაკარგული ეგზემპლარის სტატუსი კლასიფიკაციის წყარო ან თაროზე გაწყობის სქემა დაზიანების სტატუსი არ გაიცემა მუდმივი მდებარეობა (დაცვის ადგილი) ამჟამინდელი ადგილსამყოფელი თაროზე განთავსების ადგილი შეძენის თარიღი ღირებულება, შესყიდვის ნორმალური ფასი სრული შენახვის შიფრი შტრიხკოდი ბოლო ოპერაციის თარიღი ეგზემპლარის მიმდევრობითი ნომერი (კეტერი?) ფასის ძალაში შესვლის თარიღი ეგზემპლარის სახეობა საჯარო შენიშვნა
          ბათუმის შოთა რუსთაველის სახელმწიფო უნივერსიტეტის მთავარი ბიბლიოთეკა ბათუმის შოთა რუსთაველის სახელმწიფო უნივერსიტეტის მთავარი ბიბლიოთეკა წიგნსაცავი 2018-12-17 6.00 321.01 3548 2018-12-17 3548 2018-12-17 წიგნი 6.00
          ბათუმის შოთა რუსთაველის სახელმწიფო უნივერსიტეტის მთავარი ბიბლიოთეკა ბათუმის შოთა რუსთაველის სახელმწიფო უნივერსიტეტის მთავარი ბიბლიოთეკა წიგნსაცავი 2018-12-17 6.00 321.01 3549 2018-12-17 3549 2018-12-17 წიგნი 6 ლ.
          ბათუმის შოთა რუსთაველის სახელმწიფო უნივერსიტეტის მთავარი ბიბლიოთეკა ბათუმის შოთა რუსთაველის სახელმწიფო უნივერსიტეტის მთავარი ბიბლიოთეკა წიგნსაცავი 2022-06-16 6.00 321.01 გ–69 845 2022-06-16 845 2022-06-16 წიგნი 6 ლ.
          ბათუმის შოთა რუსთაველის სახელმწიფო უნივერსიტეტის მთავარი ბიბლიოთეკა ბათუმის შოთა რუსთაველის სახელმწიფო უნივერსიტეტის მთავარი ბიბლიოთეკა წიგნსაცავი 2022-06-16 6.00 321.01 გ–69 28750 2022-06-16 28750 2022-06-16 წიგნი 6 ლ.